<?xml version="1.0" encoding="UTF-8"?><record xmlns="http://www.loc.gov/MARC21/slim" xmlns:zs="http://docs.oasis-open.org/ns/search-ws/sruResponse">
  <leader>04748cam a22005891  4500</leader>
  <controlfield tag="001">8836914</controlfield>
  <controlfield tag="005">20250608033144.2</controlfield>
  <controlfield tag="008">850619m18791880fr a          000 0 fre  </controlfield>
  <datafield ind1=" " ind2=" " tag="035">
    <subfield code="a">8836914</subfield>
  </datafield>
  <datafield ind1=" " ind2=" " tag="906">
    <subfield code="a">7</subfield>
    <subfield code="b">cbc</subfield>
    <subfield code="c">premver</subfield>
    <subfield code="d">3</subfield>
    <subfield code="e">ncip</subfield>
    <subfield code="f">19</subfield>
    <subfield code="g">y-gencatlg</subfield>
  </datafield>
  <datafield ind1=" " ind2=" " tag="955">
    <subfield code="a">he11 2021-06-15</subfield>
    <subfield code="r">he11 2021-06-15 TW situational</subfield>
  </datafield>
  <datafield ind1=" " ind2=" " tag="955">
    <subfield code="a">LCAP batch update 2025-06-02-04:00: LCAPM-644</subfield>
  </datafield>
  <datafield ind1=" " ind2=" " tag="010">
    <subfield code="a">   51006716 </subfield>
  </datafield>
  <datafield ind1=" " ind2=" " tag="035">
    <subfield code="9">(DLC)   51006716</subfield>
  </datafield>
  <datafield ind1=" " ind2=" " tag="035">
    <subfield code="a">(OCoLC)12176520</subfield>
  </datafield>
  <datafield ind1=" " ind2=" " tag="040">
    <subfield code="a">DLC</subfield>
    <subfield code="b">eng</subfield>
    <subfield code="c">DLC</subfield>
    <subfield code="d">DLC</subfield>
  </datafield>
  <datafield ind1="0" ind2="0" tag="050">
    <subfield code="a">AC20</subfield>
    <subfield code="b">.C8</subfield>
  </datafield>
  <datafield ind1="0" ind2="0" tag="245">
    <subfield code="a">Curiosités bibliographiques.</subfield>
  </datafield>
  <datafield ind1=" " ind2=" " tag="260">
    <subfield code="a">Rouen,</subfield>
    <subfield code="b">J. Lemonnyer,</subfield>
    <subfield code="c">1879-80.</subfield>
  </datafield>
  <datafield ind1=" " ind2=" " tag="300">
    <subfield code="a">12 v. in 4.</subfield>
    <subfield code="b">illus.</subfield>
    <subfield code="c">19 cm.</subfield>
  </datafield>
  <datafield ind1=" " ind2=" " tag="336">
    <subfield code="a">text</subfield>
    <subfield code="b">txt</subfield>
    <subfield code="2">rdacontent</subfield>
  </datafield>
  <datafield ind1=" " ind2=" " tag="337">
    <subfield code="a">unmediated</subfield>
    <subfield code="b">n</subfield>
    <subfield code="2">rdamedia</subfield>
  </datafield>
  <datafield ind1=" " ind2=" " tag="338">
    <subfield code="a">volume</subfield>
    <subfield code="b">nc</subfield>
    <subfield code="2">rdacarrier</subfield>
  </datafield>
  <datafield ind1=" " ind2=" " tag="500">
    <subfield code="a">Cover title.</subfield>
  </datafield>
  <datafield ind1=" " ind2=" " tag="500">
    <subfield code="a">The editions of the various volumes are limited to 200 to 500 copies; all copies numbered.</subfield>
  </datafield>
  <datafield ind1=" " ind2=" " tag="500">
    <subfield code="a">Bound irregularly.</subfield>
  </datafield>
  <datafield ind1=" " ind2=" " tag="501">
    <subfield code="a">LC copy: bound with 3 issues (6 copies) of Lemonnyer, Jules. Catalogue. Rouen, 1879; and 2 issues (4 copies) of Lemonnyer, Jules. Catalogue. Rouen [1880] used as filler.</subfield>
    <subfield code="5">DLC</subfield>
  </datafield>
  <datafield ind1="0" ind2=" " tag="505">
    <subfield code="a">[1] La pipe cassée, poème par Vadé.--[2] Dissertation sur les idées morales des Grecs et sur le danger de lire Platon, par Audé [pseud.]--[3] Les droits du seigneur, par J.J. Rapsaet [i.e. Raepsaet].--[4] La monacologie, ou Histoire naturelle des moines, par I. de Born.--[5] Une parodie curieuse de l'Art poétique de Boileau.--[6] Point de lendemain, par V. Denon.--[7] Éloge burlesque de la seringue.--[8] Histoire de la prostitution en Chine, par la docteur Schlegel.--[9] La confession générale d'Audinot.--[10] Les moines, comédie satirique, par F. Stehlich.--[11] La descouverture du style impudique des courtisannes de Normandie à celles de Paris.--[12] Catéchisme des gens mariés, par le P. Féline.</subfield>
  </datafield>
  <datafield ind1="0" ind2=" " tag="505">
    <subfield code="a">LC copy binding order with limited copy numbering: Vol. 1: La monacologie, ou Histoire naturelle des moines / I. de Born. Rouen, 1879, no. 202; Catalogue de la libraire J. Lemonnyer. 1879; Catéchisme des gens mariés / P. Féline. Rouen, 1880, no. 270; Éloge burlesque de la seringue, 1880, no. 61; Catalogue de la libraire J. Lemonnyer, Mai. 1880 -- Vol. 2: Les moines, comédie satirique / F. Stehlich. Rouen, 1880, no. 101; Histoire de la prostitution en Chine / docteur Schlegel. Rouen, 1880, no. 172; Catalogue de la libraire J. Lemonnyer, Mai. 1880; La descouverture du style impudique des courtisannes de Normandie à celles de Paris. Rouen, 1880, no. 101; Catalogue de la libraire J. Lemonnyer, Mai. 1880 -- Vol. 3: La confession générale d'Audinot. Rouen, 1880, no. 118; Catalogue de la libraire J. Lemonnyer, Mai. 1880; La pipe cassée, poème par Vadé. Rouen, 1879, no. 201; Catalogue de la libraire J. Lemonnyer. 1879; Dissertation sur les idées morales des Grecs et sur le danger de lire Platon, par Audé [pseud.]. Rouen, 1879, no. 277; Catalogue de la libraire J. Lemonnyer. 1879 -- Vol. 4: Les droits du seigneur / J.J. Raepsaet. Rouen, 1879, no. 89; Catalogue de la libraire J. Lemonnyer. 1879; Point de lendemain / V. Denon. Rouen, 1879, no. 219; Catalogue de la libraire J. Lemonnyer. 1879; Une parodie curieuse de l'Art poétique de Boileau. Rouen, 1879, no. 189; Catalogue de la libraire J. Lemonnyer. 1879.</subfield>
  </datafield>
  <datafield ind1="4" ind2=" " tag="510">
    <subfield code="a">Library of Congress. Lessing J. Rosenwald collection,</subfield>
    <subfield code="c">1938</subfield>
  </datafield>
  <datafield ind1=" " ind2=" " tag="530">
    <subfield code="a">Also available in digital form on the Library of Congress Web site.</subfield>
  </datafield>
  <datafield ind1=" " ind2=" " tag="561">
    <subfield code="a">LC copy volumes 1-4 have bookplates of G. Spach. Volume 1 also has bookplate of Lucius Wilmerding.</subfield>
    <subfield code="5">DLC</subfield>
  </datafield>
  <datafield ind1=" " ind2="0" tag="650">
    <subfield code="a">Bibliography.</subfield>
  </datafield>
  <datafield ind1="1" ind2=" " tag="700">
    <subfield code="a">Lemonnyer, Jules,</subfield>
    <subfield code="d">1840-1894,</subfield>
    <subfield code="e">publisher.</subfield>
  </datafield>
  <datafield ind1="1" ind2=" " tag="700">
    <subfield code="a">Spach, G.</subfield>
    <subfield code="c">(Book collector),</subfield>
    <subfield code="e">former owner.</subfield>
    <subfield code="5">DLC</subfield>
  </datafield>
  <datafield ind1="1" ind2=" " tag="700">
    <subfield code="a">Wilmerding, Lucius,</subfield>
    <subfield code="d">1880-1949,</subfield>
    <subfield code="e">former owner.</subfield>
    <subfield code="5">DLC</subfield>
  </datafield>
  <datafield ind1="2" ind2=" " tag="710">
    <subfield code="a">Lessing J. Rosenwald Collection (Library of Congress)</subfield>
    <subfield code="5">DLC</subfield>
  </datafield>
  <datafield ind1="4" ind2="1" tag="856">
    <subfield code="3">Vol. 1, Page view</subfield>
    <subfield code="d">rbc0001</subfield>
    <subfield code="f">2009rosen1938v1</subfield>
    <subfield code="u">http://hdl.loc.gov/loc.rbc/rosenwald.1938v1.1</subfield>
  </datafield>
  <datafield ind1="4" ind2="1" tag="856">
    <subfield code="3">Vol. 2, Page view</subfield>
    <subfield code="d">rbc0001</subfield>
    <subfield code="f">2009rosen1938v2</subfield>
    <subfield code="u">http://hdl.loc.gov/loc.rbc/rosenwald.1938v2.1</subfield>
  </datafield>
  <datafield ind1="4" ind2="1" tag="856">
    <subfield code="3">Vol. 3, Page view</subfield>
    <subfield code="d">rbc0001</subfield>
    <subfield code="f">2009rosen1938v3</subfield>
    <subfield code="u">http://hdl.loc.gov/loc.rbc/rosenwald.1938v3.1</subfield>
  </datafield>
  <datafield ind1="4" ind2="1" tag="856">
    <subfield code="3">Vol. 4, Page view</subfield>
    <subfield code="d">rbc0001</subfield>
    <subfield code="f">2009rosen1938v4</subfield>
    <subfield code="u">http://hdl.loc.gov/loc.rbc/rosenwald.1938v4.1</subfield>
  </datafield>
  <datafield ind1=" " ind2=" " tag="952">
    <subfield code="a">LAC ecr 2021-02-17 update (2 cards)</subfield>
  </datafield>
  <datafield ind1=" " ind2=" " tag="952">
    <subfield code="a">LAC ddw 2022-04-20 no edits (1 card)</subfield>
  </datafield>
  <datafield ind1=" " ind2=" " tag="984">
    <subfield code="a">rsl</subfield>
    <subfield code="d">2021-02-17</subfield>
  </datafield>
  <datafield ind1=" " ind2=" " tag="985">
    <subfield code="a">rblacfederal</subfield>
    <subfield code="d">20210217</subfield>
  </datafield>
  <datafield ind1=" " ind2=" " tag="985">
    <subfield code="a">rbc/scd</subfield>
  </datafield>
  <datafield ind1=" " ind2=" " tag="985">
    <subfield code="a">rbc/rosen</subfield>
  </datafield>
  <datafield ind1=" " ind2=" " tag="985">
    <subfield code="a">rbc/digital/rosen</subfield>
  </datafield>
  <datafield ind1=" " ind2=" " tag="985">
    <subfield code="a">rbc/rosendgt</subfield>
  </datafield>
  <datafield ind1=" " ind2=" " tag="985">
    <subfield code="a">ammem</subfield>
    <subfield code="e">rbcmagic</subfield>
  </datafield>
  <datafield ind1=" " ind2=" " tag="985">
    <subfield code="a">pmpull</subfield>
    <subfield code="e">scd</subfield>
  </datafield>
  <datafield ind1=" " ind2=" " tag="991">
    <subfield code="b">c-RareBook</subfield>
    <subfield code="h">AC20</subfield>
    <subfield code="i">.C8</subfield>
    <subfield code="t">Copy 1</subfield>
    <subfield code="m">Rosenwald Coll</subfield>
    <subfield code="w">OCLCREP</subfield>
  </datafield>
</record>
